000
00287nam a22001337a 4500
003
SGT
082
_a
610.7367
_b
O13S
100
_a
SANDHU, G.K.
245
_a
OBSTETRIC AND MIDWIFERY
260
_a
INDIA
_b
LOTUS
_c
2013
300
_a
632
650
_a
OBST. & GYNE
942
_2
ddc
_c
BK
_0
60
999
_c
16509
_d
16509